Muerte Súbita - EQUIPOS QUE HAN JUGADO EN 1ª DIVISIÓN DE ESPAÑA - Estadísticas

Estadísticas generales
  • Esta prueba ha sido intentada 155 veces
  • La puntuación promedio es 18 de 35
Answers on the Grid
Answers color-coded by a green-red scale on the quiz's grid according to % correct below.
Real Murcia
Real Madrid
RCD Espanyol
Burgos CF
FC Barcelona
Cádiz CF
Gimnástic de Tarragona
CD Lugo
Atlético de Madrid
Granada CF
Real Zaragoza
SD Ponferradina
Valencia CF
CE SABADELL
CD Castellón
Real Jaén
Mérida AD
RC Deportivo de La Coruña
Linares Deportivo
CA Osasuna
CD Mirandés
UD Las Palmas
Hércules CF
Sevilla FC
Cultural Leonesa
Real Valladolid
CD Eldense
Real Oviedo
Rayo Vallecano
CD Badajoz
FC Cartagena
Real Racing de Santander
CD Alcoyano
Athletic Club
Levante UD
San Fernando CD
Recreativo de Huelva
Villarreal CF
Málaga CF
SD Eibar
Unionistas de Salamanca
RC Celta de Vigo
Real Sociedad
CD Tenerife
RCD Mallorca
Real Sporting de Gijón
CD Lugo
 
Estadísticas de respuestas
Respuesta % Correcto
Real Madrid
99%
RCD Espanyol
93%
FC Barcelona
80%
Cádiz CF
75%
Real Murcia
67%
Atlético de Madrid
65%
Valencia CF
65%
Granada CF
61%
CA Osasuna
60%
RC Deportivo de La Coruña
58%
Real Zaragoza
58%
Athletic Club
57%
Málaga CF
55%
Rayo Vallecano
55%
Sevilla FC
55%
UD Las Palmas
55%
Villarreal CF
55%
RC Celta de Vigo
54%
Real Oviedo
53%
Real Valladolid
53%
Levante UD
52%
Real Sociedad
52%
Real Racing de Santander
51%
Real Sporting de Gijón
51%
RCD Mallorca
49%
SD Eibar
49%
CD Tenerife
46%
Recreativo de Huelva
46%
Hércules CF
40%
Gimnástic de Tarragona
30%
CD Castellón
24%
CE SABADELL
18%
Cultural Leonesa
18%
CD Alcoyano
11%
Real Jaén
11%
No se encontraron pruebas coincidentes
Distribución de puntuación
Porcentaje de gente con cada puntuación
Porcentaje por número respondido
Historial de tus puntuaciones
No has intentado esta prueba.